| 000 | 01009nam a22002417a 4500 | ||
|---|---|---|---|
| 003 | OSt | ||
| 005 | 20260224112323.0 | ||
| 008 | 250926b |||||||| |||| 00| 0 eng d | ||
| 040 | _c0 | ||
| 082 | _aDPer 370.15 J826 October-November 2019 v. 111 n. 7-8 | ||
| 100 |
_aRoach, Alex. _eauthor. _968168 |
||
| 245 |
_aThe essential ingredients of research supervision : _ba discrete-choice experiment / _cAlex Roach, Bruce K. Christensen, and Elizabeth Rieger. |
||
| 260 |
_aWashington, DC ; _bAmerican Psychological Association , _cOctober 2019. |
||
| 300 |
_aVolume 111, pages 1241-1260 : _billustration ; _c28 cm. |
||
| 500 | _aJournal of Educational Psychology, vol. 111, no. 7, pages 1241-1260, October 2019. | ||
| 650 | 0 |
_aForeign countries. _967089 |
|
| 650 | 0 |
_aInterpersonal communication. _951635 |
|
| 650 | 0 |
_aStudent attitudes. _964951 |
|
| 700 |
_aRoach, Alex. _eauthor. _968168 |
||
| 700 |
_aChristensen, Bruce K. _eauthor. _968169 |
||
| 700 |
_aRieger, Elizabeth. _eauthor. _968170 |
||
| 942 |
_2ddc _cPER |
||
| 999 |
_c23886 _d23886 |
||